00846nam a2200277 i 450000100060000000300090000600500170001500700030003200800410003502000180007608000200009408000230011408000280013710000310016524501000019625000120029626000360030830000220034449000230036660000490038960000250043870000160046383000230047985200330050285200330053519403ES-MaACL20240429130849.0t|020806s2002 sp ||||1| spa d a84-8310-802-X a821.134.2-6"19" a929 Salinas, Pedro a929 Whitmore, Katherine1 aSalinas, Pedro,d1891-195110aCartas a Katherine Whitmore (1932-1947) / cPedro Salinas ; edición y prólogo de Enric Bou. a1ª ed. aBarcelona : bTusquets, c2002. a406 p. ; c23 cm.1 aMarginales ; v20414aSalinas, Pedro,d1891-1951-vCorrespondencia14aWhitmore, Katherine.1 aBou, Enric.00aMarginales ; v204 aES-MaACLjL-25832 bR.131642 aES-MaACLjL-28311 bR.134285